Lyžovanie metodická príručka pre školy a verejné lyžiarske školy

Bibliographic Details
Main Authors: Žídek, Jaroslav (Author), Petrovič, Peter, 1952- (Author)
Format: Book
Language:Slovak
PhysicalDescription:106 s. ilustr., tab. 21 cm
Published: Bratislava Peter Mačura 1999
ISBN:8088901294
Edition:2. vyd.
Subjects:

MARC

LEADER 00000nam a2200000 a 4500
001 vtls001370265
003 SK-MaSNL
005 20260301201311.0
008 240318s1999 xo apa r yy slo
015 |a SNBA1999/10-03916 
020 |a 8088901294 
035 |a SNK000324035 
035 |a urn:nbn:sk:snk-amkjx1 
035 |a urn:nbn:sk:snk-am003uze 
035 |a 130067B6-6912-4753-8B92-2D585BADD637 
040 |a SNK  |b slo  |c SNK  |e AACR2 
041 0 |a slo 
044 |a xo  |c SK 
080 |a 796.92.012(035)  |2 1981 
100 1 |a Žídek, Jaroslav  |4 aut  |9 5526 
245 1 0 |a Lyžovanie  |b metodická príručka pre školy a verejné lyžiarske školy  |c Jaroslav Žídek, Peter Petrovič 
250 |a 2. vyd. 
260 |a Bratislava  |b Peter Mačura  |c 1999 
300 |a 106 s.  |b ilustr., tab.  |c 21 cm 
504 |a Bibliogr. s. 106 
650 0 7 |a lyžovanie  |x príručky metodické  |2 SNK  |9 519222 
655 7 |a príručky  |2 SNK  |9 74364 
700 1 |a Petrovič, Peter,  |d 1952-  |4 aut  |9 6877 
919 |a 80-88901-29-4 
958 |a TL 
958 |a NB 
999 |c 894166  |d 896096 
952 |t P60, <03>, [BOOK], {603}  |a SNK  |b SNK  |y PREZ  |7 0  |p 17A0203155  |o snkSC 99422  |i snkKSP 8399/99  |0 0  |1 0  |4 0  |d 1999-08-17  |f 1  |l 0  |r 2025-09-18 00:00:00  |w 2026-02-24 
952 |t P60, <04>, [BOOK], {604}  |a SNK  |b SNK  |y VYP  |7 0  |p 17A0203156  |o snkSC 99422 D1  |i snkKSP 8400/99  |0 0  |1 0  |4 0  |d 1999-08-17  |l 0  |r 2005-01-02 00:00:00  |w 2026-02-24